00527nam a2200169Ia 4500003000900000008004100009040001600050080001600066100001700082245012700099260003300226300000900259650002700268650002300295650001900318700002000337IN-BaIIA211028s9999 xx 000 0 eng d cIIA Library a517.91bBUG aBugrov, YA S 0aDifferential Equations Multiple Integrals Series Theory of Functions of a Complex VariablecYA S Bugrov and S. M. Nikolsky aMoscowbMIR Publishersc1982 a475p aDifferential Equations aIntegral Equations aNASA Thesaurus aNikolsky, S. M.